La señorita de Tacna ; Kathie y el hipopótamo / (Registro nro. 1074)
[ vista simple ]
| 000 -LEADER | |
|---|---|
| fixed length control field | 01665nam a22002417a 4500 |
| 003 - CONTROL NUMBER IDENTIFIER | |
| control field | AR-RoUNCS |
| 005 - DATE AND TIME OF LATEST TRANSACTION | |
| control field | 20260701170417.0 |
| 007 - PHYSICAL DESCRIPTION FIXED FIELD--GENERAL INFORMATION | |
| fixed length control field | ta |
| 008 - FIXED-LENGTH DATA ELEMENTS--GENERAL INFORMATION | |
| fixed length control field | 260701s2008 ag |||||r|||| 00| 1 spa d |
| 020 ## - INTERNATIONAL STANDARD BOOK NUMBER | |
| International Standard Book Number | 9789870411000 |
| 040 ## - CATALOGING SOURCE | |
| Original cataloging agency | AR-RoUNCS |
| Language of cataloging | spa |
| Transcribing agency | AR-RoUNCS |
| 041 ## - LANGUAGE CODE | |
| Language code of text/sound track or separate title | spa |
| 100 ## - MAIN ENTRY--PERSONAL NAME | |
| Personal name | Vargas Llosa, Mario, |
| Dates associated with a name | 1936-2025 |
| Relator term | autor |
| 245 13 - TITLE STATEMENT | |
| Title | La señorita de Tacna ; Kathie y el hipopótamo / |
| Statement of responsibility, etc. | Mario Vargas Llosa. |
| 250 ## - EDITION STATEMENT | |
| Edition statement | 1a ed. |
| 260 ## - PUBLICATION, DISTRIBUTION, ETC. | |
| Place of publication, distribution, etc. | Buenos Aires : |
| Name of publisher, distributor, etc. | Alfaguara, |
| Date of publication, distribution, etc. | 2008. |
| 300 ## - PHYSICAL DESCRIPTION | |
| Extent | 213 p. ; |
| Dimensions | 20 cm. |
| 520 ## - SUMMARY, ETC. | |
| Summary, etc. | En La señorita de Tacna un escritor se esfuerza por llevar adelante su trabajo creativo, que no es otro que convocar el pasado de su familia, la historia de su decadencia, y también las pequeñas historias personales, los amores frustrados, las vidas vividas y las que están por vivir, especialmente las de la Mamaé, una anciana que convoca en escena los fantasmas de su pasado.<br/> |
| 520 ## - SUMMARY, ETC. | |
| Summary, etc. | Kathie y el hipopótamo parece desarrollarse en una buhardilla de París, pero en realidad transcurre en el mundo de su imaginación. Kathie, una mujer madura que quiere publicar un libro, ha contratado a Santiago, un escritor, para que la ayude en la tarea. A partir de ahí, ambos se relatan los fracasos vitales, las esperanzas frustradas, los anhelos — y las miserias — más escondidos, y empiezan a descubrir por qué otros senderos podría haber transcurrido su vida. Una obra en la que nada es lo que parece y en la que las fronteras entre el mundo que llamamos real y el mundo de la fantasía se borran hasta desaparecer. |
| 650 #7 - SUBJECT ADDED ENTRY--TOPICAL TERM | |
| Source of heading or term | embne |
| Topical term or geographic name entry element | Literatura peruana |
| 655 #7 - INDEX TERM--GENRE/FORM | |
| Source of term | embne |
| Genre/form data or focus term | Teatro |
| 942 ## - ADDED ENTRY ELEMENTS (KOHA) | |
| Source of classification or shelving scheme | Universal Decimal Classification |
| Koha item type | Obra General |
| Suppress in OPAC | No |
| Withdrawn status | Lost status | Source of classification or shelving scheme | Damaged status | Not for loan | Collection | Home library | Current library | Date acquired | Source of acquisition | Total checkouts | Full call number | Barcode | Date last seen | Price effective from | Koha item type |
|---|---|---|---|---|---|---|---|---|---|---|---|---|---|---|---|
| Universal Decimal Classification | Colección General | Biblioteca Escuela de Ciencias Sociales | Biblioteca Escuela de Ciencias Sociales | 01/07/2026 | Donación 2023 | 82-2(85) V297 | 000226 | 01/07/2026 | 01/07/2026 | Obra General |